000 00308nam a2200133Ia 4500
008 240624s9999 xx 000 0 und d
041 _aeng
082 _a658.8 DAW
100 _aIACOBUCCI DAWN
245 _aKELLOGG ON MARKETING
260 _c2001
_aNew York
_bJohn Wiley
300 _axx, : 427
365 _cRS
999 _c1380
_d1380